Разработка и программная реализация алгоритма решения обратной кинетической задачи для процесса алкилирования бензола олефинами С10-С14; Известия Томского политехнического университета [Известия ТПУ]; Т. 317, № 3: Химия

書誌詳細
Parent link:Известия Томского политехнического университета [Известия ТПУ]/ Томский политехнический университет (ТПУ).— , 2000-
Т. 317, № 3: Химия.— 2010.— [С. 117-121]
その他の著者: Долганова И. О. Ирэна Олеговна, Фетисова В. А. Вероника Александровна, Шнидорова Н. О. Надежда Олеговна, Иванчина Э. Д. Эмилия Дмитриевна
要約:Заглавие с титульного листа
Электронная версия печатной публикации
Разработан и программно реализован в среде Borland Developer Studio на языке Delphi алгоритм для идентификации кинетических параметров процесса алкилирования бензола олефинами С10-С14. Произведена оценка предэкспоненциальных множителей реакций, протекающих в ходе названного процесса.
言語:ロシア語
出版事項: 2010
シリーズ:Химия
主題:
オンライン・アクセス:http://www.lib.tpu.ru/fulltext/v/Bulletin_TPU/2010/v317/i3/26.pdf
フォーマット: MixedMaterials 電子媒体 図書の章
KOHA link:https://koha.lib.tpu.ru/cgi-bin/koha/opac-detail.pl?biblionumber=192366

MARC

LEADER 00000nla2a2200000 4500
001 192366
005 20240122162238.0
035 |a (RuTPU)RU\TPU\book\209762 
035 |a RU\TPU\book\209759 
090 |a 192366 
100 |a 20110224d2010 k y0rusy50 ca 
101 0 |a rus 
102 |a RU 
135 |a drnn ---uucaa 
181 0 |a i  
182 0 |a b 
200 1 |a Разработка и программная реализация алгоритма решения обратной кинетической задачи для процесса алкилирования бензола олефинами С10-С14  |f И. О. Долганова [и др.] 
203 |a Текст  |c электронный 
215 |a 1 файл (306 Кб) 
225 1 |a Химия 
300 |a Заглавие с титульного листа 
300 |a Электронная версия печатной публикации 
320 |a [Библиогр.: с. 121 (6 назв.)] 
330 |a Разработан и программно реализован в среде Borland Developer Studio на языке Delphi алгоритм для идентификации кинетических параметров процесса алкилирования бензола олефинами С10-С14. Произведена оценка предэкспоненциальных множителей реакций, протекающих в ходе названного процесса. 
337 |a Adobe Reader 
461 1 |0 (RuTPU)RU\TPU\book\176237  |t Известия Томского политехнического университета [Известия ТПУ]  |f Томский политехнический университет (ТПУ)  |d 2000- 
463 1 |0 (RuTPU)RU\TPU\book\209400  |x 1684-8519  |t Т. 317, № 3: Химия  |v [С. 117-121]  |d 2010  |p 205 с. 
610 1 |a математическая модель 
610 1 |a алгоритмы расчета 
610 1 |a предэкспоненциальный множитель 
610 1 |a методы оптимизации 
610 1 |a алкилирование 
610 1 |a алкилбензолы 
610 1 |a труды учёных ТПУ 
610 1 |a электронный ресурс 
701 1 |a Долганова  |b И. О.  |c химик  |c младший научный сотрудник Томского политехнического университета, аспирант, кандидат технических наук  |f 1988-  |g Ирэна Олеговна  |3 (RuTPU)RU\TPU\pers\27911  |9 12914 
701 1 |a Фетисова  |b В. А.  |c специалист в области химической технологии топлива  |c аспирант Томского политехнического университета  |f 1986-  |g Вероника Александровна  |3 (RuTPU)RU\TPU\pers\25649 
701 1 |a Шнидорова  |b Н. О.  |c специалист в области автоматики и компьютерных систем  |c магистрант Томского политехнического университета  |g Надежда Олеговна  |3 (RuTPU)RU\TPU\pers\28084 
701 1 |a Иванчина  |b Э. Д.  |c химик  |c профессор Томского политехнического университета, доктор технических наук  |f 1951-  |g Эмилия Дмитриевна  |3 (RuTPU)RU\TPU\pers\24966 
801 1 |a RU  |b 63413507  |c 20090623  |g PSBO 
801 2 |a RU  |b 63413507  |c 20211223  |g PSBO 
856 4 |u http://www.lib.tpu.ru/fulltext/v/Bulletin_TPU/2010/v317/i3/26.pdf 
942 |c CF